书目信息 |
| 题名: |
历史沉淀的理性
|
|
| 作者: | 王玉波 著 | |
| 分册: | ||
| 出版信息: | 哈尔滨 黑龙江大学出版社 2016 |
|
| 页数: | 363页 | |
| 开本: | 24cm | |
| 丛书名: | ||
| 单 册: | ||
| 中图分类: | K0-53 | |
| 科图分类: | ||
| 主题词: | 史学--shi xue--文集 | |
| 电子资源: | ||
| ISBN: | 978-7-5686-0013-2 | |
| 000 | 00792nam0 22002291 450 | |
| 001 | 1730353770 | |
| 005 | 20170525101555.0 | |
| 010 | @a978-7-5686-0013-2@dCNY68.00 | |
| 100 | @a20170210d2016 em y0chiy50 ea | |
| 101 | 0 | @achi |
| 102 | @aCN@b230000 | |
| 105 | @ay z 000yy | |
| 106 | @ar | |
| 200 | 1 | @a历史沉淀的理性@Ali shi chen dian de li xing@f王玉波著 |
| 210 | @a哈尔滨@c黑龙江大学出版社@d2016 | |
| 215 | @a363页@d24cm | |
| 330 | @a本书分为历史人物评说和历史事件感悟两个部分,收录了《汉武帝的文治武功》《成吉思汗的历史遗产价值几何》《崇祯帝实亡于容忍腐败》《坎坷的文明演进之路》《司马迁受宫刑的深层原因》等文章。 | |
| 606 | 0 | @a史学@Ashi xue@j文集 |
| 690 | @aK0-53@v5 | |
| 701 | 0 | @a王玉波@Awang yu bo@4著 |
| 801 | 0 | @aCN@bTANG WEI@c20170524 |
| 905 | @b0969993-5@dK0-53@e112@f3 | |
| 历史沉淀的理性/王玉波著.-哈尔滨:黑龙江大学出版社,2016 |
| 363页;24cm |
| ISBN 978-7-5686-0013-2:CNY68.00 |
| 本书分为历史人物评说和历史事件感悟两个部分,收录了《汉武帝的文治武功》《成吉思汗的历史遗产价值几何》《崇祯帝实亡于容忍腐败》《坎坷的文明演进之路》《司马迁受宫刑的深层原因》等文章。 |
| ● |
| 相关链接 |
|
|
|
|
正题名:历史沉淀的理性
索取号:K0-53/112
 
预约/预借
| 序号 | 登录号 | 条形码 | 馆藏地/架位号 | 状态 | 备注 |
| 1 | 0969993 | 209699931 | 第二样本阅览室/ [索取号:K0-53/112] | 在馆 | |
| 2 | 0969994 | 209699940 | 第二借阅区/ [索取号:K0-53/112] | 在馆 | |
| 3 | 0969995 | 209699959 | 密集书库-文学院/ [索取号:K0-53/112] | 在馆 |